000 00609nam a2200193Ia 4500
003 GCL
008 140319s9999 xx 000 0 ara d
040 _aGCL /
_cGCL
082 0 4 _a591.65
_bم م
100 1 _aمصطفى محمود حلمى
245 1 0 _aمحاضرات فى الطفيليات /
_cمصطفى محمود حلمى
300 _a244 ص
490 _aالهيئة العامة للاستعلامات
_v0
650 0 4 _aالطفيليات
650 0 4 _aالاحياء، علم
650 0 4 _aالطفيليات - فسيولوجيا
650 0 4 _aالطفيليات، علم
942 _2ddc
_cBK
999 _c48208
_d48208